Les Candidats Emblématiques de La Télé Réalité - Statistiques

Statistiques générales
  • Ce quiz a été pris 1 328 fois
  • Le résultat moyen est 45 sur 200
Statistiques - réponses
Emission Candidat % Correct
Loft Story 1 | Secret Story 4 Julie
90%
L'île des vérités 3 | Les Marseillais | Secret Story 6 | Secret Story 7 Julien
83%
Les Marseillais | Secret Story 8 Jessica
77%
Les Marseillais Paga
71%
Loft Story 1 Loana
64%
Secret Story 4 Amélie
62%
Dilemme Kévin
62%
Les Ch'tis | Secret Story 7 Vincent
59%
L'île des vérités 2 | Les Marseillais | Secret Story 5 Aurélie
54%
L'amour est aveugle 2 Nabilla
54%
Secret Story 4 | Secret Story 6 Thomas
54%
Les Ch'tis Adixia
53%
Les Marseillais | Secret Story 4 Stéphanie
53%
Les Marseillais Thibault
52%
Les Princes de L'amour 1 | Secret Story 7 Anaïs
50%
Loft Story 1 Christophe
49%
Secret Story 7 Eddy
47%
La belle et ses princes presque charmants 1 Benjamin
46%
Koh Lanta 12 | Secret Story 5 Marie
46%
Les Ch'tis Jordan
44%
Secret Story 4 Benoit
41%
Star Academy 1 Jenifer
41%
Les Marseillais Kim
41%
Loft Story 1 Laure
41%
Secret Story 3 | Secret Story 9 Emilie
40%
Les Ch'tis Tressia
40%
Les Ch'tis Gaëlle
39%
Secret Story 9 Coralie
38%
Les Princes de L'amour 2 Sarah
38%
Secret Story 9 Ali
37%
Koh Lanta 11 Laurent
35%
Koh Lanta 3 Moundir
35%
Les Marseillais Shanna
35%
Les Marseillais Antonin
34%
Les Ch'tis Christopher
33%
Secret Story 8 Vivian
33%
Koh Lanta 10 Claude
32%
Koh Lanta 10 Frederique
32%
Secret Story 6 Nadège
32%
Secret Story 4 Senna
32%
Qui veut épouser mon fils ? 4 Jazz
30%
La belle et ses princes presque charmants 1 Anthony
29%
Secret Story 6 Capucine
29%
Secret Story 8 Nathalie
29%
Secret Story 5 Ayem
28%
Secret Story 5 Geoffrey
28%
Secret Story 3 Jonathan
28%
Koh Lanta 4 | L'île des vérités 3 Raphaël
28%
Star Academy 4 Gregory Lemarchal
27%
Les Ch'tis Kelly
27%
Secret Story 9 Loïc
27%
Secret Story 9 Alia
26%
Les Ch'tis Hilary
26%
Secret Story 9 Rémi
26%
L'île de la tentation 8 Vanessa
24%
Secret Story 3 Cindy
22%
Star Academy 2 Nolwenn Leroy
22%
Secret Story 1 Xavier
22%
La belle et ses princes presque charmants 1 Marine
21%
Secret Story 3 François-Xavier
20%
Star Academy 1 Mario
20%
Les Marseillais Micha
20%
Star Academy 4 Sofiane
20%
Secret Story 1 Tatiana
20%
Les Ch'tis Charles
19%
Koh Lanta 5 Clémence
19%
Secret Story 8 Leïla
19%
The Voice 2 Louane
19%
Koh Lanta 7 Gregoire
18%
Loft Story 1 Jean-Edouard
18%
The Voice 3 Kendji Girac
18%
Secret Story 2 Alexandra
17%
La Nouvelle Star 2 Amel Bent
17%
Star Academy 3 Elodie Frégé
17%
Loft Story 2 Kamel
17%
Koh Lanta 14 Marc
17%
La Nouvelle Star 10 Mathieu
17%
Popstars 3 Matt Pokora
17%
Qui veut épouser mon fils ? 4 Maddy
16%
Secret Story 5 Zarko
16%
Mon Incroyable fiancé 3 Clara
15%
Secret Story 3 Léo
15%
Loft Story 1 Steevy
15%
Koh Lanta 11 Teheiura
15%
Secret Story 5 Zelko
15%
Secret Story 2 Cyril
14%
Koh Lanta 9 | L'amour est dans le pré 5 Freddy
14%
Star Academy 2 Houcine
14%
Koh Lanta 7 | La belle et ses princes presque charmants 3 Jade
14%
La Nouvelle Star 5 Julien Doré
14%
Greg, Le Millionnaire Marjolaine
14%
L'amour est dans le pré 5 Pascal
14%
Secret Story 8 Aymeric
13%
La Nouvelle Star 4 Christophe Willem
13%
Qui veut épouser mon fils ? 1 Giuseppe
13%
Qui veut épouser mon fils ? 2 Linda
13%
L'amour est dans le pré 9 Thierry
13%
Les Marseillais Charlotte
12%
Secret Story 1 Laly
12%
Koh Lanta 11 Martin
12%
Les Anges 5 Maude
12%
Koh Lanta 12 Philippe
12%
L'amour est dans le pré 10 Adrien
11%
Loft Story 2 Afida Turner
11%
L'île de la tentation 1 Diana
11%
Secret Story 7 Gautier
11%
Star Academy 2 Georges-Alain
11%
Koh Lanta 14 Jeff
11%
Star Academy 5 Magalie Vaé
11%
Secret Story 2 Matthias
11%
Star Academy 3 Michal
11%
L'île des vérités 2 Samir
11%
La belle et ses princes presque charmants 1 Sébastien
11%
Qui veut épouser mon fils ? 3 Steven
11%
L'île de la tentation 1 Brandon
10%
Secret Story 3 Daniela
10%
Star Academy 2 Emma Daumas
10%
Secret Story 2 John-David
10%
Loft Story 1 Kenza
10%
La belle et ses princes presque charmants 2 Nelly
10%
Star Academy 1 Olivia Ruiz
10%
L'île de la tentation 8 Astrid
9%
Koh Lanta 5 Coumba
9%
Popstars 1 L5
9%
La Nouvelle Star 3 Myriam Abel
9%
Top Chef 3 Norbert
9%
Star Academy 7 Quentin Mosimann
9%
Popstars 4 Sheryfa Luna
9%
Secret Story 3 Angie
8%
Koh Lanta 14 Chantal
8%
Popstars 2 Chimène Badi
8%
Mon Incroyable fiancé 1 Laurent Ournac
8%
Secret Story 1 Les Triplées
8%
Star Academy 3 Sofia Essaïdi
8%
The Voice 3 Fréro Delavega
7%
La Nouvelle Star 8 Luce
7%
Loft Story 1 Aziz
6%
La Nouvelle Star 7 Camélia-Jordana
6%
Koh Lanta 9 Christina
6%
Koh Lanta 6 François-David
6%
La Nouvelle Star 1 Jonathan Cerrada
6%
Le Bachelor 2 Karine Ferri
6%
Popstars 3 Linkup
6%
Qui veut épouser mon fils ? 1 Marie-France
6%
La Nouvelle Star 4 Miss Dominique
6%
The Voice 2 Olympe
6%
Popstars 2 Whatfor
6%
La Nouvelle Star 6 Amandine Bourgeois
5%
La belle et ses princes presque charmants 2 Arthur
5%
L'amour est dans le pré 7 Bertrand
5%
Greg, Le Millionnaire Greg Basso
5%
Top Chef 3 Jean Imbert
5%
Star Academy 2 Jérémy Chatelain
5%
L'amour est dans le pré 7 Justine
5%
The Voice 1 Louis Delort
5%
Popstars 1 Louisy Joseph
5%
Popstars 2 Monia
5%
Nice People Serena
5%
La Nouvelle Star 2 Steeve Estatof
5%
La Nouvelle Star 1 Thierry Amiel
5%
La Nouvelle Star 6 Cindy Sander
4%
Loft Story 2 Félicien
4%
Popstars 4 Léa Castel
4%
Koh Lanta 4 Romuald
4%
La Nouvelle Star 7 Soan
4%
La Nouvelle Star 9 Sophie-Tith
4%
La Nouvelle Star 10 Yseult
4%
La Nouvelle Star 6 Benjamin Siksou
3%
Qui veut épouser mon fils ? 3 Corinne
3%
Dilemme Flo Gaga
3%
The Voice 4 Lilian Renaud
3%
La belle et ses princes presque charmants 1 Ludovic
3%
The X-Factor 2 Marina D'Amico
3%
Star Academy 7 Mathieu Edward
3%
Le Bachelor 1 Sandra Lou
3%
Qui veut épouser mon fils ? 4 Shake
3%
Opération Séduction 1 Ariane Brodier
2%
Rising Star 1 Barbara Lune
2%
La Nouvelle Star 11 Emji
2%
La Nouvelle Star 6 Ycare
2%
Les Princes de L'amour 1 Emilia
1%
Top Chef 4 Latifa
1%
La Nouvelle Star 7 Mélissa Nkonda
1%
Mon Incroyable fiancé 3 Eric Lampaert
0%
Aucun quiz correspondant
Distribution des résultats
% des personnes avec chaque résultat
Percentile par nombre de réponses
Votre historique - résultats
Vous n’avez pas pris ce quiz